Billy Joel Lyrics Quiz (Part 54) - Statistics

General Stats
  • This quiz has been taken 44 times
  • The average score is 126 of 227
Answer Stats
Answer % Correct
the
100%
The
100%
I
94%
a
92%
you
89%
You
89%
be,
78%
be
78%
in
78%
In
78%
it
78%
and
75%
And
75%
he
75%
for
72%
go
72%
Me,
72%
me,
72%
me
72%
she
72%
if
67%
my
67%
to
67%
where
67%
don't
64%
I'll
58%
I'm
58%
time
58%
at
56%
see
56%
so
56%
But
53%
his
53%
just
53%
every
50%
got
50%
only
50%
Though
50%
always
47%
come
47%
down
47%
he's
47%
I'd
47%
with
47%
car
44%
get
44%
old
44%
that's
44%
Tonight
44%
give
42%
gonna
42%
guitar
42%
jazz
42%
man's
42%
over
42%
Zanzibar
42%
away
39%
She's
39%
tab
39%
another
36%
back
36%
gave
36%
hasn't
36%
lost
36%
applauds
33%
audience
33%
bathed
33%
curtains
33%
dances
33%
downtown
33%
everyone
33%
free
33%
pull
33%
smile
33%
style
33%
sweat
33%
Tell
33%
waitress
33%
yet
33%
ahead
31%
Ali
31%
face
31%
headlines
31%
isn't
31%
knows
31%
out
31%
round
31%
secret
31%
trying
31%
base
28%
beer
28%
grab
28%
hiding
28%
inning
28%
second
28%
serves
28%
sign
28%
waiting
28%
Yankees
28%
credit
25%
game
25%
much
25%
steal
25%
black
22%
darkness
22%
fun
22%
Rose,
22%
Shantytown
22%
such
22%
white
22%
Melodrama's
14%
No matching quizzes found
Score Distribution
Percent of People with Each Score
Percentile by Number Answered
Your Score History
You have not taken this quiz